Largest cities that start with the same letter as their state - Statistics

General Stats
  • This quiz has been taken 24 times
  • The average score is 22 of 50
Answer Stats
State Population Answer % Correct
Alaska 283,424 Anchorage
95%
Hawaii 349,913 Honolulu
95%
Indiana 874,089 Indianapolis
95%
Kansas 150,403 Kansas City
95%
Minnesota 419,508 Minneapolis
95%
Colorado 492,204 Colorado Springs
90%
Pennsylvania 1,533,916 Philadelphia
90%
Delaware 37,811 Dover
85%
New Jersey 300,075 Newark
85%
New York 7,931,147 New York City
85%
Virginia 451,590 Virginia Beach
80%
Idaho 69,561 Idaho Falls
75%
Iowa 75,558 Iowa City
75%
Nevada 299,895 North Las Vegas
75%
Oklahoma 706,576 Oklahoma City
75%
South Dakota 210,747 Sioux Falls
75%
Florida 183,412 Fort Lauderdale
70%
Louisiana 121,333 Lafayette
70%
Montana 79,516 Missoula
70%
New Hampshire 91,129 Nashua
45%
Georgia 47,999 Gainesville
40%
Texas 112,296 Tyler
40%
Wisconsin 69,731 Waukesha
40%
Alabama 83,388 Auburn
35%
California 282,299 Chula Vista
35%
Mississippi 32,767 Meridian
35%
West Virginia 25,808 Wheeling
35%
Ohio 19,595 Oregon
30%
Arkansas 10,159 Arkadelphia
25%
Arizona 93,670 Avondale
25%
Massachusetts 70,384 Medford
25%
Nebraska 25,973 Norfolk
25%
Oregon 36,886 Oregon City
25%
South Carolina 52,150 Summerville
20%
Illinois 9,203 Itasca
15%
North Carolina 31,792 New Bern
15%
North Dakota 2,519 New Town
15%
Tennessee 21,271 Tullahoma
15%
Washington 35,346 Wenatchee
15%
Michigan 92,986 Macomb
10%
Rhode Island 8,108 Richmond
10%
Utah 1,388 Uintah
10%
Wyoming 4,830 Worland
10%
Connecticut 7,421 Cos Cob
5%
Kentucky 682 Kuttawa
5%
Missouri 29,354 Mehlville
5%
Maryland 35,083 Montgomery village
5%
New Mexico 9,181 North Valley
5%
Maine 4,243 Monmouth
0%
Vermont 2,578 Vergennes
0%
No matching quizzes found
Score Distribution
Percent of People with Each Score
Percentile by Number Answered
Your Score History
You have not taken this quiz